Line fishing in the Moray firth during the period 1904-1916 (inclusive) (Record no. 23343)

MARC details
000 -LEADER
fixed length control field 00867cam a22002411 4500
001 - CONTROL NUMBER
control field f 33000048
003 - CONTROL NUMBER IDENTIFIER
control field DLC
005 - DATE AND TIME OF LATEST TRANSACTION
control field 20260227111249.0
008 - FIXED-LENGTH DATA ELEMENTS--GENERAL INFORMATION
fixed length control field 920605s1928 stka f000 0 eng c
010 ## - LIBRARY OF CONGRESS CONTROL NUMBER
LC control number f 33000048
035 ## - SYSTEM CONTROL NUMBER
System control number (OCoLC)25957662
040 ## - CATALOGING SOURCE
Original cataloging agency Library, U.S. Bur. of Fisheries
Transcribing agency CSt
Modifying agency DLC
042 ## - AUTHENTICATION CODE
Authentication code premarc
050 00 - LIBRARY OF CONGRESS CALL NUMBER
Classification number SH259
Item number .A24 1927, no. II
100 1# - MAIN ENTRY--PERSONAL NAME
Personal name Bowman, Alexander.
245 10 - TITLE STATEMENT
Title Line fishing in the Moray firth during the period 1904-1916 (inclusive)
Remainder of title (with figures)
Statement of responsibility, etc. by Alexander Bowman ...
260 ## - PUBLICATION, DISTRIBUTION, ETC.
Place of publication, distribution, etc. Edinburgh,
Name of publisher, distributor, etc. H.M. Stationery Off.,
Date of publication, distribution, etc. 1928.
300 ## - PHYSICAL DESCRIPTION
Extent 57 p. incl. tables, diagrs.
Dimensions 27 cm.
490 0# - SERIES STATEMENT
Series statement Scotland. Fishery Board. Scientific investigations,
Volume/sequential designation 1927, no. II
500 ## - GENERAL NOTE
General note At head of title: ... Fishery Board for Scotland.
650 #0 - SUBJECT ADDED ENTRY--TOPICAL TERM
Topical term or geographic name entry element Fishing
Geographic subdivision Scotland.
650 #0 - SUBJECT ADDED ENTRY--TOPICAL TERM
Topical term or geographic name entry element Fishing
General subdivision Equipment and supplies.

No items available.

Powered by Koha